00404 a2200109 4500001001000000005001700010008004100027245012300068100001800191773006800209999001700277ART_1218720260410161904.0260409a 10aFully recursive probability models and multivariate log-linear probability models for the analysis of qualitative data1 aLee, Lung-Fei0 tJournal of econometricsg- Vol. 16, NÂș 1 (may. 1981)wREV11720 c26171d26171